[Event "DEM U12 2023"]
[Site "Willingen GER"]
[Date "2023.05.28"]
[Round "2"]
[White "Lee, Ho In"]
[Black "Herrmann, Arthur"]
[Result "0-1"]
[Termination "normal"]
[Board "6"]
[WhiteElo "1492"]
[BlackElo "1875"]
[WhiteClock "00:34:22"]
[BlackClock "00:21:58"]
[PlyCount "87"]
[WhiteFideId "34623655"]
[BlackFideId "16287150"]
[EventCountry "GER"]
[EventRounds "9"]
[EventType "swiss"]
[EventDate "2023.05.27"]

1. e4 {[%clk 01:30:57]} {[%emt 00:00:02]} c6 {[%clk 01:30:58]} {[%emt
00:00:03]} 2. d4 {[%clk 01:31:23]} {[%emt 00:00:03]} d5 {[%clk 01:31:25]}
{[%emt 00:00:04]} 3. Nc3 {[%clk 01:31:50]} {[%emt 00:00:03]} dxe4 {[%clk
01:31:50]} {[%emt 00:00:05]} 4. Nxe4 {[%clk 01:32:11]} {[%emt 00:00:08]} Bf5
{[%clk 01:32:17]} {[%emt 00:00:03]} 5. Ng3 {[%clk 01:32:32]} {[%emt 00:00:10]}
Bg6 {[%clk 01:32:45]} {[%emt 00:00:02]} 6. h4 {[%clk 01:32:56]} {[%emt
00:00:06]} h6 {[%clk 01:33:11]} {[%emt 00:00:04]} 7. Nf3 {[%clk 01:33:22]}
{[%emt 00:00:04]} Nd7 {[%clk 01:33:36]} {[%emt 00:00:05]} 8. h5 {[%clk
01:33:48]} {[%emt 00:00:04]} Bh7 {[%clk 01:34:02]} {[%emt 00:00:04]} 9. Bd3
{[%clk 01:34:14]} {[%emt 00:00:04]} Bxd3 {[%clk 01:34:28]} {[%emt 00:00:05]}
10. Qxd3 {[%clk 01:34:40]} {[%emt 00:00:04]} e6 {[%clk 01:34:48]} {[%emt
00:00:09]} 11. Bd2 {[%clk 01:35:04]} {[%emt 00:00:05]} Ngf6 {[%clk 01:35:09]}
{[%emt 00:00:10]} 12. O-O-O {[%clk 01:35:24]} {[%emt 00:00:10]} Be7 {[%clk
01:35:34]} {[%emt 00:00:05]} 13. Ne4 {[%clk 01:35:36]} {[%emt 00:00:17]} Nxe4
{[%clk 01:35:55]} {[%emt 00:00:09]} 14. Qxe4 {[%clk 01:36:03]} {[%emt
00:00:04]} Nf6 {[%clk 01:36:18]} {[%emt 00:00:07]} 15. Qd3 {[%clk 01:36:24]}
{[%emt 00:00:09]} O-O {[%clk 01:29:16]} {[%emt 00:07:32]} 16. Kb1 {[%clk
01:32:45]} {[%emt 00:04:08]} Qd5 {[%clk 01:26:07]} {[%emt 00:03:40]} 17. Rde1
{[%clk 01:02:28]} {[%emt 00:30:47]} b5 {[%clk 01:14:12]} {[%emt 00:12:25]} 18.
Ne5 {[%clk 01:00:18]} {[%emt 00:02:39]} Rfd8 {[%clk 01:08:25]} {[%emt
00:06:18]} 19. Bc1 {[%clk 00:51:36]} {[%emt 00:09:11]} Rac8 {[%clk 01:06:33]}
{[%emt 00:02:23]} 20. Qf3 {[%clk 00:48:11]} {[%emt 00:03:55]} Qxf3 {[%clk
01:04:34]} {[%emt 00:02:28]} 21. Nxf3 {[%clk 00:48:36]} {[%emt 00:00:06]} Rd5
{[%clk 01:01:50]} {[%emt 00:03:12]} 22. Re5 {[%clk 00:49:01]} {[%emt 00:00:06]}
Bd6 {[%clk 00:59:35]} {[%emt 00:02:45]} 23. Rxd5 {[%clk 00:48:07]} {[%emt
00:01:25]} cxd5 {[%clk 00:59:19]} {[%emt 00:00:46]} 24. a3 {[%clk 00:42:47]}
{[%emt 00:05:49]} a5 {[%clk 00:56:47]} {[%emt 00:03:03]} 25. Bd2 {[%clk
00:41:44]} {[%emt 00:01:33]} Bc7 {[%clk 00:52:50]} {[%emt 00:04:25]} 26. Ne5
{[%clk 00:39:56]} {[%emt 00:02:20]} Bb6 {[%clk 00:49:20]} {[%emt 00:03:58]} 27.
c3 {[%clk 00:39:37]} {[%emt 00:00:50]} b4 {[%clk 00:47:08]} {[%emt 00:02:43]}
28. axb4 {[%clk 00:39:53]} {[%emt 00:00:15]} axb4 {[%clk 00:47:31]} {[%emt
00:00:06]} 29. f3 {[%clk 00:40:10]} {[%emt 00:00:13]} bxc3 {[%clk 00:46:20]}
{[%emt 00:01:41]} 30. bxc3 {[%clk 00:40:34]} {[%emt 00:00:06]} Ne8 {[%clk
00:43:27]} {[%emt 00:03:22]} 31. Kc2 {[%clk 00:36:01]} {[%emt 00:05:03]} Bxd4
{[%clk 00:42:37]} {[%emt 00:01:20]} 32. Nd3 {[%clk 00:36:29]} {[%emt 00:00:03]}
Bxc3 {[%clk 00:42:02]} {[%emt 00:01:05]} 33. Bxc3 {[%clk 00:36:38]} {[%emt
00:00:21]} d4 {[%clk 00:42:28]} {[%emt 00:00:04]} 34. Rb1 {[%clk 00:36:50]}
{[%emt 00:00:17]} Rxc3+ {[%clk 00:42:37]} {[%emt 00:00:21]} 35. Kd2 {[%clk
00:37:17]} {[%emt 00:00:03]} Nd6 {[%clk 00:41:58]} {[%emt 00:01:09]} 36. Rb8+
{[%clk 00:36:06]} {[%emt 00:01:42]} Kh7 {[%clk 00:34:04]} {[%emt 00:08:23]} 37.
Ne5 {[%clk 00:35:53]} {[%emt 00:00:44]} Re3 {[%clk 00:32:03]} {[%emt 00:02:27]}
38. Nc6 {[%clk 00:35:19]} {[%emt 00:01:08]} e5 {[%clk 00:30:15]} {[%emt
00:02:17]} 39. Rd8 {[%clk 00:34:28]} {[%emt 00:01:21]} Nc4+ {[%clk 00:28:51]}
{[%emt 00:01:54]} 40. Kd1 {[%clk 00:34:50]} {[%emt 00:00:09]} Rc3 {[%clk
00:23:57]} {[%emt 00:05:21]} 41. Nb4 {[%clk 00:34:07]} {[%emt 00:01:15]} Ne3+
{[%clk 00:23:40]} {[%emt 00:00:48]} 42. Kd2 {[%clk 00:34:17]} {[%emt 00:00:20]}
Nxg2 {[%clk 00:22:52]} {[%emt 00:01:17]} 43. Rd5 {[%clk 00:34:21]} {[%emt
00:00:27]} f6 {[%clk 00:21:58]} {[%emt 00:01:22]} 44. Nd3 {[%clk 00:34:22]}
{[%emt 00:00:30]} 0-1

[Event "DEM U12 2023"]
[Site "Willingen GER"]
[Date "2023.05.28"]
[Round "2"]
[White "Stehning, Toni"]
[Black "Zhang, Yibo"]
[Result "1/2-1/2"]
[Termination "normal"]
[Board "7"]
[WhiteElo "1499"]
[BlackElo "1791"]
[WhiteClock "00:46:58"]
[BlackClock "00:17:36"]
[PlyCount "61"]
[WhiteFideId "34623477"]
[BlackFideId "16287657"]
[EventCountry "GER"]
[EventRounds "9"]
[EventType "swiss"]
[EventDate "2023.05.27"]

1. e4 {[%clk 01:30:53]} {[%emt 00:00:06]} e5 {[%clk 01:30:52]} {[%emt
00:00:08]} 2. Nf3 {[%clk 01:31:04]} {[%emt 00:00:19]} Nc6 {[%clk 01:31:18]}
{[%emt 00:00:04]} 3. Bc4 {[%clk 01:31:31]} {[%emt 00:00:04]} Bc5 {[%clk
01:31:37]} {[%emt 00:00:11]} 4. c3 {[%clk 01:31:52]} {[%emt 00:00:09]} Nf6
{[%clk 01:32:02]} {[%emt 00:00:05]} 5. d4 {[%clk 01:32:17]} {[%emt 00:00:05]}
exd4 {[%clk 01:32:26]} {[%emt 00:00:06]} 6. cxd4 {[%clk 01:32:37]} {[%emt
00:00:10]} Bb4+ {[%clk 01:32:50]} {[%emt 00:00:06]} 7. Kf1 {[%clk 01:32:55]}
{[%emt 00:00:12]} d5 {[%clk 01:14:54]} {[%emt 00:18:25]} 8. exd5 {[%clk
01:32:10]} {[%emt 00:01:15]} Nxd5 {[%clk 01:15:10]} {[%emt 00:00:14]} 9. Nc3
{[%clk 01:32:08]} {[%emt 00:00:32]} Be6 {[%clk 01:12:30]} {[%emt 00:03:10]} 10.
Nxd5 {[%clk 01:31:38]} {[%emt 00:00:59]} Bxd5 {[%clk 01:11:58]} {[%emt
00:01:04]} 11. Qb3 {[%clk 01:31:42]} {[%emt 00:00:26]} Bxc4+ {[%clk 01:05:51]}
{[%emt 00:06:36]} 12. Qxc4 {[%clk 01:31:46]} {[%emt 00:00:26]} Qd7 {[%clk
00:54:49]} {[%emt 00:11:34]} 13. Be3 {[%clk 01:24:50]} {[%emt 00:07:24]} O-O-O
{[%clk 00:46:24]} {[%emt 00:08:55]} 14. g3 {[%clk 01:22:09]} {[%emt 00:03:09]}
Ba5 {[%clk 00:38:38]} {[%emt 00:08:19]} 15. Kg2 {[%clk 01:21:38]} {[%emt
00:01:00]} f6 {[%clk 00:36:36]} {[%emt 00:02:33]} 16. Rhd1 {[%clk 01:17:23]}
{[%emt 00:04:44]} Ne7 {[%clk 00:32:05]} {[%emt 00:05:02]} 17. b4 {[%clk
01:15:48]} {[%emt 00:02:04]} Bb6 {[%clk 00:31:30]} {[%emt 00:01:05]} 18. a4
{[%clk 01:15:22]} {[%emt 00:00:56]} a6 {[%clk 00:31:42]} {[%emt 00:00:19]} 19.
a5 {[%clk 01:13:40]} {[%emt 00:02:12]} Ba7 {[%clk 00:32:03]} {[%emt 00:00:09]}
20. Rab1 {[%clk 01:09:38]} {[%emt 00:04:30]} Qd5 {[%clk 00:31:17]} {[%emt
00:01:18]} 21. Rdc1 {[%clk 01:06:56]} {[%emt 00:03:10]} Qxc4 {[%clk 00:28:54]}
{[%emt 00:02:55]} 22. Rxc4 {[%clk 01:07:16]} {[%emt 00:00:10]} Nd5 {[%clk
00:29:21]} {[%emt 00:00:03]} 23. b5 {[%clk 01:04:49]} {[%emt 00:02:57]} axb5
{[%clk 00:28:31]} {[%emt 00:01:19]} 24. Rxb5 {[%clk 01:04:59]} {[%emt
00:00:21]} c6 {[%clk 00:28:55]} {[%emt 00:00:06]} 25. a6 {[%clk 01:04:59]}
{[%emt 00:00:30]} Nb6 {[%clk 00:26:31]} {[%emt 00:02:53]} 26. Rc2 {[%clk
01:02:09]} {[%emt 00:03:19]} bxa6 {[%clk 00:21:49]} {[%emt 00:05:13]} 27. Ra5
{[%clk 00:57:23]} {[%emt 00:05:16]} Kb7 {[%clk 00:20:32]} {[%emt 00:01:48]} 28.
Rca2 {[%clk 00:57:23]} {[%emt 00:00:29]} Nd5 {[%clk 00:20:23]} {[%emt
00:00:39]} 29. Rxa6 {[%clk 00:56:27]} {[%emt 00:01:26]} Bb6 {[%clk 00:20:45]}
{[%emt 00:00:08]} 30. R6a3 {[%clk 00:56:02]} {[%emt 00:00:51]} Nc7 {[%clk
00:17:36]} {[%emt 00:03:43]} 31. Rb3 {[%clk 00:46:58]} {[%emt 00:09:34]}
1/2-1/2

[Event "DEM U12 2023"]
[Site "Willingen GER"]
[Date "2023.05.28"]
[Round "2"]
[White "Albrecht, Neil"]
[Black "Derr, Oleg"]
[Result "1-0"]
[Termination "normal"]
[Board "8"]
[WhiteElo "1690"]
[BlackElo "1579"]
[WhiteClock "00:45:26"]
[BlackClock "01:15:19"]
[PlyCount "42"]
[WhiteFideId "34621091"]
[BlackFideId "34611517"]
[EventCountry "GER"]
[EventRounds "9"]
[EventType "swiss"]
[EventDate "2023.05.27"]

1. e4 {[%clk 01:30:56]} {[%emt 00:00:03]} c5 {[%clk 01:30:54]} {[%emt
00:00:08]} 2. Nf3 {[%clk 01:31:04]} {[%emt 00:00:22]} e6 {[%clk 01:31:12]}
{[%emt 00:00:12]} 3. d4 {[%clk 01:31:04]} {[%emt 00:00:30]} cxd4 {[%clk
01:31:33]} {[%emt 00:00:09]} 4. Nxd4 {[%clk 01:31:33]} {[%emt 00:00:01]} Nf6
{[%clk 01:31:54]} {[%emt 00:00:09]} 5. Bd3 {[%clk 01:31:05]} {[%emt 00:00:57]}
d5 {[%clk 01:31:01]} {[%emt 00:01:23]} 6. e5 {[%clk 01:25:48]} {[%emt
00:05:47]} Nfd7 {[%clk 01:30:29]} {[%emt 00:01:03]} 7. Nxe6 {[%clk 01:11:23]}
{[%emt 00:14:56]} Bb4+ {[%clk 01:29:22]} {[%emt 00:01:36]} 8. c3 {[%clk
01:11:30]} {[%emt 00:00:23]} fxe6 {[%clk 01:29:26]} {[%emt 00:00:26]} 9. Qh5+
{[%clk 01:04:05]} {[%emt 00:07:54]} Kf8 {[%clk 01:29:10]} {[%emt 00:00:46]} 10.
cxb4 {[%clk 01:04:18]} {[%emt 00:00:18]} Qc7 {[%clk 01:29:23]} {[%emt
00:00:17]} 11. Bf4 {[%clk 01:00:17]} {[%emt 00:04:31]} Nc6 {[%clk 01:28:51]}
{[%emt 00:01:03]} 12. O-O {[%clk 00:58:05]} {[%emt 00:02:42]} Nxb4 {[%clk
01:26:13]} {[%emt 00:03:07]} 13. Bxh7 {[%clk 00:54:38]} {[%emt 00:03:57]} Qc2
{[%clk 01:16:39]} {[%emt 00:10:04]} 14. Bxc2 {[%clk 00:53:49]} {[%emt
00:01:19]} Rxh5 {[%clk 01:16:58]} {[%emt 00:00:10]} 15. Bg6 {[%clk 00:52:55]}
{[%emt 00:01:25]} Rh4 {[%clk 01:16:25]} {[%emt 00:01:02]} 16. g3 {[%clk
00:53:01]} {[%emt 00:00:24]} Rg4 {[%clk 01:16:38]} {[%emt 00:00:17]} 17. Bh5
{[%clk 00:49:28]} {[%emt 00:04:03]} Rxf4 {[%clk 01:16:46]} {[%emt 00:00:23]}
18. gxf4 {[%clk 00:49:57]} Nc2 {[%clk 01:17:08]} {[%emt 00:00:08]} 19. Nc3
{[%clk 00:49:30]} {[%emt 00:00:57]} Nxa1 {[%clk 01:17:20]} {[%emt 00:00:18]}
20. Rxa1 {[%clk 00:50:00]} {[%emt 00:00:01]} b6 {[%clk 01:15:34]} {[%emt
00:02:15]} 21. Nb5 {[%clk 00:45:26]} {[%emt 00:05:03]} Ba6 {[%clk 01:15:19]}
{[%emt 00:00:45]} 1-0

[Event "DEM U12 2023"]
[Site "Willingen GER"]
[Date "2023.05.28"]
[Round "2"]
[White "Deiringer, Julius"]
[Black "Vartanian, Roman"]
[Result "0-1"]
[Termination "normal"]
[Board "9"]
[WhiteElo "1742"]
[BlackElo "1619"]
[WhiteClock "00:04:37"]
[BlackClock "00:17:51"]
[PlyCount "68"]
[WhiteFideId "16267010"]
[BlackFideId "34140107"]
[EventCountry "GER"]
[EventRounds "9"]
[EventType "swiss"]
[EventDate "2023.05.27"]

1. e4 {[%clk 01:30:58]} {[%emt 00:00:01]} c5 {[%clk 01:30:52]} {[%emt
00:00:08]} 2. Nf3 {[%clk 01:31:24]} {[%emt 00:00:04]} d6 {[%clk 01:31:17]}
{[%emt 00:00:06]} 3. Bb5+ {[%clk 01:31:49]} {[%emt 00:00:04]} Nc6 {[%clk
01:30:14]} {[%emt 00:01:34]} 4. O-O {[%clk 01:29:14]} {[%emt 00:03:04]} Nf6
{[%clk 01:30:14]} {[%emt 00:00:31]} 5. Re1 {[%clk 01:29:26]} {[%emt 00:00:18]}
Bg4 {[%clk 01:30:32]} {[%emt 00:00:11]} 6. c3 {[%clk 01:24:38]} {[%emt
00:05:18]} e6 {[%clk 01:24:36]} {[%emt 00:06:27]} 7. h3 {[%clk 01:18:26]}
{[%emt 00:06:42]} Bh5 {[%clk 01:24:43]} {[%emt 00:00:23]} 8. d4 {[%clk
01:04:18]} {[%emt 00:14:37]} Qb6 {[%clk 01:18:58]} {[%emt 00:06:15]} 9. Qd3
{[%clk 00:58:10]} {[%emt 00:06:39]} Bxf3 {[%clk 01:15:23]} {[%emt 00:04:05]}
10. Bxc6+ {[%clk 00:55:11]} {[%emt 00:03:28]} bxc6 {[%clk 01:14:56]} {[%emt
00:00:58]} 11. Qxf3 {[%clk 00:50:54]} {[%emt 00:04:46]} cxd4 {[%clk 01:15:17]}
{[%emt 00:00:10]} 12. cxd4 {[%clk 00:48:51]} {[%emt 00:02:32]} Qxd4 {[%clk
01:13:34]} {[%emt 00:02:14]} 13. Nc3 {[%clk 00:48:45]} {[%emt 00:00:36]} Qb4
{[%clk 01:12:06]} {[%emt 00:01:58]} 14. Bg5 {[%clk 00:39:53]} {[%emt 00:09:21]}
Nd7 {[%clk 01:08:11]} {[%emt 00:04:26]} 15. a3 {[%clk 00:37:27]} {[%emt
00:02:56]} Qa5 {[%clk 01:07:20]} {[%emt 00:01:21]} 16. e5 {[%clk 00:32:29]}
{[%emt 00:05:27]} d5 {[%clk 01:06:08]} {[%emt 00:01:43]} 17. b4 {[%clk
00:31:47]} {[%emt 00:01:11]} Qc7 {[%clk 01:04:26]} {[%emt 00:02:11]} 18. Bf4
{[%clk 00:26:13]} {[%emt 00:06:05]} g6 {[%clk 01:02:18]} {[%emt 00:02:38]} 19.
Rad1 {[%clk 00:24:38]} {[%emt 00:02:05]} Bg7 {[%clk 01:02:20]} {[%emt
00:00:27]} 20. b5 {[%clk 00:17:48]} {[%emt 00:07:22]} O-O {[%clk 00:59:59]}
{[%emt 00:02:50]} 21. bxc6 {[%clk 00:13:34]} {[%emt 00:04:44]} Qxc6 {[%emt
00:00:21]} 22. Rc1 {[%clk 00:13:32]} {[%emt 00:00:31]} Qa6 {[%clk 00:55:38]}
{[%emt 00:05:01]} 23. Rb1 {[%clk 00:12:17]} {[%emt 00:01:45]} Rab8 {[%clk
00:53:28]} {[%emt 00:02:38]} 24. Rxb8 {[%clk 00:10:02]} {[%emt 00:02:47]} Nxb8
{[%clk 00:47:50]} {[%emt 00:06:08]} 25. Rb1 {[%clk 00:09:05]} {[%emt 00:01:27]}
Nd7 {[%clk 00:47:41]} {[%emt 00:00:38]} 26. Qe3 {[%clk 00:08:44]} {[%emt
00:00:52]} Rc8 {[%clk 00:38:50]} {[%emt 00:09:20]} 27. Nb5 {[%clk 00:08:16]}
{[%emt 00:00:59]} Rb8 {[%clk 00:38:14]} {[%emt 00:01:05]} 28. Qe2 {[%clk
00:07:19]} {[%emt 00:01:28]} Qa4 {[%clk 00:36:11]} {[%emt 00:02:32]} 29. Rb4
{[%clk 00:06:43]} {[%emt 00:01:06]} Qa6 {[%clk 00:33:22]} {[%emt 00:03:17]} 30.
Qb2 {[%clk 00:06:33]} {[%emt 00:00:42]} Bf8 {[%clk 00:32:05]} {[%emt 00:01:45]}
31. Nd6 {[%clk 00:05:26]} {[%emt 00:01:39]} Rxb4 {[%clk 00:32:08]} {[%emt
00:00:28]} 32. axb4 {[%clk 00:05:23]} {[%emt 00:00:33]} Nb6 {[%clk 00:17:45]}
{[%emt 00:14:52]} 33. b5 {[%clk 00:04:28]} {[%emt 00:01:25]} Qa4 {[%clk
00:17:51]} {[%emt 00:00:23]} 34. Ne8 {[%clk 00:04:37]} {[%emt 00:00:23]} Qxf4
{[%emt 00:01:03]} 0-1

[Event "DEM U12 2023"]
[Site "Willingen GER"]
[Date "2023.05.28"]
[Round "2"]
[White "Bundan, Edward"]
[Black "Sydykov, Bayastan"]
[Result "0-1"]
[Termination "normal"]
[Board "12"]
[WhiteElo "1338"]
[BlackElo "1939"]
[WhiteClock "00:06:12"]
[BlackClock "00:19:52"]
[PlyCount "88"]
[WhiteFideId "34603042"]
[BlackFideId "13829610"]
[EventCountry "GER"]
[EventRounds "9"]
[EventType "swiss"]
[EventDate "2023.05.27"]

1. d4 {[%clk 01:30:58]} {[%emt 00:00:01]} d5 {[%clk 01:30:53]} {[%emt
00:00:08]} 2. c4 {[%clk 01:31:20]} {[%emt 00:00:08]} e6 {[%clk 01:31:13]}
{[%emt 00:00:10]} 3. Nf3 {[%clk 01:31:43]} {[%emt 00:00:07]} Nf6 {[%clk
01:31:14]} {[%emt 00:00:29]} 4. g3 {[%clk 01:31:38]} {[%emt 00:00:35]} Be7
{[%clk 01:31:00]} {[%emt 00:00:45]} 5. Bg2 {[%clk 01:31:57]} {[%emt 00:00:10]}
O-O {[%clk 01:30:42]} {[%emt 00:00:48]} 6. O-O {[%clk 01:31:26]} {[%emt
00:01:01]} Nbd7 {[%clk 01:28:30]} {[%emt 00:02:42]} 7. Nc3 {[%clk 01:30:58]}
{[%emt 00:00:58]} c6 {[%clk 01:27:46]} {[%emt 00:01:15]} 8. cxd5 {[%clk
01:29:30]} {[%emt 00:01:57]} exd5 {[%clk 01:27:59]} {[%emt 00:00:17]} 9. a3
{[%clk 01:28:28]} {[%emt 00:01:31]} Re8 {[%clk 01:27:00]} {[%emt 00:01:29]} 10.
Re1 {[%clk 01:27:11]} {[%emt 00:01:47]} Bd6 {[%clk 01:25:30]} {[%emt 00:02:00]}
11. Bg5 {[%clk 01:24:41]} {[%emt 00:03:00]} h6 {[%clk 01:24:47]} {[%emt
00:01:13]} 12. Bxf6 {[%clk 01:24:30]} {[%emt 00:00:41]} Nxf6 {[%clk 01:24:55]}
{[%emt 00:00:22]} 13. Qd3 {[%clk 01:22:01]} {[%emt 00:02:59]} Ne4 {[%clk
01:13:14]} {[%emt 00:12:12]} 14. Nd2 {[%clk 01:18:28]} {[%emt 00:04:02]} f5
{[%clk 01:12:09]} {[%emt 00:01:36]} 15. f3 {[%clk 01:08:49]} {[%emt 00:10:09]}
Nxc3 {[%clk 01:09:06]} {[%emt 00:03:33]} 16. bxc3 {[%clk 01:07:49]} {[%emt
00:01:30]} f4 {[%clk 01:08:22]} {[%emt 00:01:14]} 17. gxf4 {[%clk 01:02:31]}
{[%emt 00:05:48]} Bxf4 {[%clk 01:03:39]} {[%emt 00:05:12]} 18. e3 {[%clk
00:58:33]} {[%emt 00:04:28]} Qh4 {[%clk 00:58:36]} {[%emt 00:05:34]} 19. Nf1
{[%clk 00:52:37]} {[%emt 00:06:25]} Bd7 {[%clk 00:55:59]} {[%emt 00:03:08]} 20.
Qd2 {[%clk 00:51:51]} {[%emt 00:01:14]} Bd6 {[%clk 00:53:47]} {[%emt 00:02:44]}
21. Qf2 {[%clk 00:45:27]} {[%emt 00:06:52]} Qg5 {[%clk 00:51:20]} {[%emt
00:02:59]} 22. f4 {[%clk 00:44:10]} {[%emt 00:01:45]} Qg6 {[%clk 00:51:09]}
{[%emt 00:00:42]} 23. Kh1 {[%clk 00:40:03]} {[%emt 00:04:35]} Rf8 {[%clk
00:49:04]} {[%emt 00:02:38]} 24. Qg3 {[%clk 00:38:50]} {[%emt 00:01:42]} Qf6
{[%clk 00:45:24]} {[%emt 00:04:10]} 25. Nd2 {[%clk 00:37:33]} {[%emt 00:01:47]}
Kh7 {[%clk 00:41:54]} {[%emt 00:04:00]} 26. h4 {[%clk 00:31:36]} {[%emt
00:06:27]} Rae8 {[%clk 00:36:29]} {[%emt 00:05:55]} 27. Nf3 {[%clk 00:30:07]}
{[%emt 00:01:58]} Bf5 {[%clk 00:35:30]} {[%emt 00:01:30]} 28. Ne5 {[%clk
00:28:25]} {[%emt 00:02:11]} g5 {[%clk 00:34:13]} {[%emt 00:01:48]} 29. hxg5
{[%clk 00:25:09]} {[%emt 00:03:45]} hxg5 {[%clk 00:34:37]} {[%emt 00:00:07]}
30. fxg5 {[%clk 00:20:49]} {[%emt 00:04:50]} Qe6 {[%clk 00:32:23]} {[%emt
00:02:45]} 31. e4 {[%clk 00:16:45]} {[%emt 00:04:34]} dxe4 {[%clk 00:31:57]}
{[%emt 00:00:56]} 32. Bxe4 {[%clk 00:16:39]} {[%emt 00:00:34]} Bxe5 {[%clk
00:28:13]} {[%emt 00:04:15]} 33. dxe5 {[%clk 00:14:29]} {[%emt 00:02:40]} Kg7
{[%clk 00:26:32]} {[%emt 00:02:12]} 34. Kg2 {[%clk 00:11:39]} {[%emt 00:03:18]}
Qxe5 {[%clk 00:24:51]} {[%emt 00:02:12]} 35. Bxf5 {[%clk 00:10:41]} {[%emt
00:01:27]} Qxf5 {[%clk 00:20:40]} {[%emt 00:04:43]} 36. Rxe8 {[%clk 00:10:10]}
{[%emt 00:01:00]} Qd5+ {[%clk 00:20:57]} {[%emt 00:00:13]} 37. Kg1 {[%clk
00:09:49]} {[%emt 00:00:49]} Rxe8 {[%clk 00:21:10]} {[%emt 00:00:19]} 38. Rf1
{[%clk 00:09:15]} {[%emt 00:01:02]} Re5 {[%clk 00:18:46]} {[%emt 00:02:56]} 39.
Qf4 {[%clk 00:07:56]} {[%emt 00:01:45]} Rxg5+ {[%clk 00:19:01]} {[%emt
00:00:18]} 40. Kf2 {[%clk 00:05:48]} {[%emt 00:02:36]} Rf5 {[%clk 00:19:16]}
{[%emt 00:00:18]} 41. Rg1+ {[%clk 00:05:50]} {[%emt 00:00:27]} Kf6 {[%clk
00:19:33]} {[%emt 00:00:12]} 42. Qxf5+ {[%clk 00:05:47]} {[%emt 00:00:34]} Kxf5
{[%clk 00:19:46]} {[%emt 00:00:18]} 43. Rf1 {[%clk 00:05:57]} {[%emt 00:00:20]}
Qd3 {[%clk 00:19:36]} {[%emt 00:00:39]} 44. Ke1+ {[%clk 00:06:12]} {[%emt
00:00:15]} Ke4 {[%clk 00:19:52]} {[%emt 00:00:15]} 0-1